| 000 | 03855nam a22004097a 4500 | ||
|---|---|---|---|
| 005 | 20101206113148.0 | ||
| 010 | _aHIN-91345 B-442230-241 | ||
| 020 |
_c425.00 _a9788170288664 |
||
| 035 | _aHN-63691 | ||
| 035 | _aB-442230-241 | ||
| 037 | _bDBAD/PUB | ||
| 037 | _bबल्यूबेरी/ | ||
| 082 | _a320.011 | ||
| 100 |
_aसेन, अमर्त्य _933104 |
||
| 245 |
_aन्याय का स्वरूप / _cअमर्त्य सेन; भवानीशंकर बागला द्वारा अनुदित |
||
| 246 |
_aNyaya ka Swaroop _bby Amartya Sen |
||
| 260 |
_aदिल्ली _bराजपाल एंड संज़ _c2010 |
||
| 270 |
_bदिल्ली _e110006 _mmail @ rajpalpublishing.com |
||
| 300 |
_a384पृ. _c22सेमी (सजिल्द) |
||
| 700 |
_924599 _aभवानीशंकर बागला |
||
| 700 | _924924 | ||
| 942 |
_2ddc _cHN _mसेनअ _h320.011 |
||
| 999 |
_c49312 _d49312 |
||